000 00309nam a22001337a 4500
008 170911b xxu||||| |||| 00| 0 eng d
020 _a 9780137549207
041 _aeng
080 _22ND
_a53
100 _a43
101 _aFIZ
245 _aDISCRETE-TIME SIGNAL PROCESSING
_cOPPENHEIM,A.V
942 _2udc
_cBK
999 _c27155
_d27155